| 000 | 00367nam a22001457a 4500 | ||
|---|---|---|---|
| 020 | _qPB. | ||
| 040 | _cFIZZA ISHAQ | ||
| 082 |
_a005.8 _bTIM |
||
| 100 |
_aKUMAR, SUBRA MATHER TIM. _987392 |
||
| 245 |
_aCLOUD SECURITY AND PRIVACY / _cTIM MATHER SUBRA KUMAR. |
||
| 250 | _a1st ED. | ||
| 260 |
_aNEW YORK : _bO'REILLY _c2009. |
||
| 300 | _a312 P. ; | ||
| 942 |
_2ddc _cBK |
||
| 999 |
_c587510 _d587510 |
||